CEDECO: gestando poder local, nuestro aporte /

Para la Corporación Educativa para el Desarrollo Costarricense (CEDECO), el poder local consiste en el desarrollo de la capacidad de gestión negociación y resolución de problemas de las comunidades rurales. Para llegar a ello se debe pasar una serie de etapas de maduración que son distintas en todos...

Volledige beschrijving

Bewaard in:
Bibliografische gegevens
Hoofdauteur: Amador, Manuel
Andere auteurs: Jiménez, Wilberth
Formaat: Texto
Onderwerpen:
Tags: Voeg label toe
Geen labels, Wees de eerste die dit record labelt!

MARC

LEADER 00000 a a2200000 04500
001 1297
003
040
100 |a Amador, Manuel  
245 |a CEDECO: gestando poder local, nuestro aporte /  |c Manuel Amador  
520 |a Para la Corporación Educativa para el Desarrollo Costarricense (CEDECO), el poder local consiste en el desarrollo de la capacidad de gestión negociación y resolución de problemas de las comunidades rurales. Para llegar a ello se debe pasar una serie de etapas de maduración que son distintas en todos los casos. El proceso de intervención es importante disponer de información básica para conocer el contexto de los grupos de agricultores con quienes se desea trabajar. Es necesario englobar, las características socioproductivas, organizativas y agroecológicas de la región. Con esta panorámica puede llegarse a conclusiones iniciales que ayudan a la discusión de los problemas con la comunidades. Los proyectos alternativos en los que ha participado CEDECO han estado sustentados en diversos ejes temáticos integrados que se han ajustado de acuerdo a la experiencia acumulada, con una metodología de trabajo basada en ejes económicos, organizativo, género y ambiente, capacitación, seguimiento investigación participativa, asesoría y difusión. Se han dado experiencias en Acosta, Pococí y La Virgen de Sarapiquí en ellos se ha visto la formación de las mujeres y los hombres como una de las metas principales, pero se aclara, que es más importante que estas comunidades puedan mantenerse luego de finalizado el apoyo de la institución. OB/LOB  
650 |a ZONAS RURALES  
650 |a SECTOR AGROPECUARIO  
650 |a ESTRATEGIA DEL DESARROLLO  
650 |a PRODUCCION AGROPECUARIA  
650 |a COMERCIALIZACION  
650 |a ORGANIZACIONES NO GUBERNAMENTALES  
700 |a Jiménez, Wilberth  
773 |g número 114; páginas 31-33  
999 |c 20279  |d 20279